Land and water management engineering (Record no. 14825)
[ view plain ]
| 000 -LEADER | |
|---|---|
| fixed length control field | 00350nam a22001457a 4500 |
| 020 ## - INTERNATIONAL STANDARD BOOK NUMBER | |
| ISBN | 9788183602099 |
| 082 ## - DEWEY DECIMAL CLASSIFICATION NUMBER | |
| Classification number | 627.02 |
| Item number | BHA/LA |
| 100 ## - MAIN ENTRY--AUTHOR NAME | |
| Personal name | Bhagat, Arun D |
| 100 ## - MAIN ENTRY--AUTHOR NAME | |
| Personal name | Patil, Mangal A |
| 245 ## - TITLE STATEMENT | |
| Title | Land and water management engineering |
| 250 ## - EDITION STATEMENT | |
| Edition statement | 1 |
| 260 ## - PUBLICATION, DISTRIBUTION, ETC. (IMPRINT) | |
| Place of publication | New Delhi |
| Name of publisher | Jain Brothers |
| Year of publication | 2015 |
| 300 ## - PHYSICAL DESCRIPTION | |
| Number of Pages | 464p |
| 942 ## - ADDED ENTRY ELEMENTS (KOHA) | |
| Koha item type | Books |
| Withdrawn status | Lost status | Damaged status | Collection code | Home library | Current library | Shelving location | Date acquired | Source of acquisition | Cost, normal purchase price | Full call number | Accession Number | Koha item type |
|---|---|---|---|---|---|---|---|---|---|---|---|---|
| KAUAET | KAUAET | General Stacks | 30/03/2017 | Aman Books | 295.00 | 627.02 BHA/LA | 25505 | Books | ||||
| KAUAET | KAUAET | General Stacks | 30/03/2017 | Aman Books | 295.00 | 627.02 BHA/LA | 25506 | Books | ||||
| KAUAET | KAUAET | General Stacks | 30/03/2017 | Aman Books | 295.00 | 627.02 BHA/LA | 25507 | Books | ||||
| KAUAET | KAUAET | Scheme | 11/07/2022 | TBS PUBLISHERS AND DISTRIBUTERS | 360.00 | 627.02 BHA/LA | BB 644 | Book Bank scheme for SC students |
